000 00431nam a2200181Ia 4500
001 10607
005 20260306161844.0
008 260306t2001||||xx |||||||||||||| ||spa||
041 _aESP
082 _a944.04
_bF97
100 _aFuret, Francois
_eAUT
245 0 _aInterpreting the french revolution
260 _c2001
300 _ax, 204 páginas :
_c23 cm.
650 _aGEN
654 _aCHU
942 _cLIB
_dJUS
_fJUS
_2ddc
_n
999 _c10607
_d10607